| 000 | 00326nam a2200121Ia 4500 | ||
|---|---|---|---|
| 008 | 220217s9999||||xx |||||||||||||| ||und|| | ||
| 082 | _a621.381 5 SAM | ||
| 100 | _aSamuel, Sudhakar | ||
| 245 | 0 | _aElectronic circuits | |
| 260 |
_aSanguine Technical publications _bBangalore _c2005 |
||
| 300 | _b265 | ||
| 650 | _aCIRCUITRY | ||
| 999 |
_c173835 _d173835 |
||